000 00207nam a22000857a 4500
008 170329b xxu||||| |||| 00| 0 eng d
100 _93066
_aCCE CBSE
245 _aQuestion Bank-X
260 _aNew Delhi
_bCBSE
_c2010
999 _c6341
_d6341